Canadian Trading Partners - 2023 - Statistics

General Stats
  • This quiz has been taken 35 times
  • The average score is 18 of 20
Answer Stats
Trade Country % Correct
594.5 United States
100%
373.7 United States
100%
35.4 China
97%
89.2 China
97%
9.2 Brazil
94%
8.9 Mexico
94%
46.2 Mexico
94%
15.2 United Kingdom
94%
9.4 United Kingdom
94%
8.7 France
91%
12.9 Italy
88%
15.8 Japan
88%
20.7 Japan
88%
7.3 Germany
84%
24.9 Germany
84%
5.1 India
84%
7.4 Netherlands
78%
7.0 South Korea
78%
13.9 South Korea
78%
4.8 Switzerland
50%
No matching quizzes found
Score Distribution
Percent of People with Each Score
Percentile by Number Answered
Your Score History
You have not taken this quiz